| 000 | 00513nam a2200181Ia 4500 | ||
|---|---|---|---|
| 999 |
_c21473 _d21473 |
||
| 003 | OSt | ||
| 005 | 20200616093715.0 | ||
| 008 | 190216s9999||||xx |||||||||||||| ||und|| | ||
| 020 | _a9780706991017 | ||
| 040 | _coclc | ||
| 082 |
_a301 _bJHA/I |
||
| 100 |
_aJha, Makhan _92905 |
||
| 245 | 0 |
_aAn Introduction To Social Anthropology / _cMakhan Jha |
|
| 250 | _a2nd Ed. | ||
| 260 |
_bVikas Publishing House, _c2008. _aNew Delhi: |
||
| 300 | _a217p | ||
| 942 |
_cBK _2ddc _h301 _iJHA/I _k301 _mJHA/I |
||